Kinh tế học hài hước : Khám phá những khía cạnh bất ngờ còn ẩn khuất của mọi hiện tượng xã hội từ quan điểm kinh tế học
Phân tích phương thức vận hành của cuộc sống và khám phá những khía cạnh còn ẩn khuất của mọi hiện tượng xã hội từ quan điểm kinh tế học
Đã lưu trong:
| 主要作者: | |
|---|---|
| 其他作者: | |
| 格式: | 圖書 |
| 語言: | Vietnamese |
| 出版: |
H.
Lao động - Xã hội
2015
|
| 主題: | |
| 標簽: |
添加標簽
沒有標簽, 成為第一個標記此記錄!
|
| Thư viện lưu trữ: | Thư viện Trường Đại học Nam Cần Thơ |
|---|
| LEADER | 01197nam a22002057a 4500 | ||
|---|---|---|---|
| 001 | NCT_4_013346 | ||
| 008 | 241011b xxu||||| |||| 00| 0 vie d | ||
| 999 | |c 8632 |d 8632 | ||
| 020 | |a 9786046522010 |c 109000 | ||
| 082 | 0 | 4 | |2 23rd ed. |a 330 |b L664 |
| 100 | 1 | |a Levitt, Steven D. | |
| 245 | 1 | 0 | |a Kinh tế học hài hước : |b Khám phá những khía cạnh bất ngờ còn ẩn khuất của mọi hiện tượng xã hội từ quan điểm kinh tế học |c Steven D. Levitt, Stephen J. Dubner ; Nguyễn Thị Huyền Trang dịch |
| 260 | |a H. |b Lao động - Xã hội |c 2015 | ||
| 300 | |a 385 tr. |c 21 cm | ||
| 520 | 3 | |a Phân tích phương thức vận hành của cuộc sống và khám phá những khía cạnh còn ẩn khuất của mọi hiện tượng xã hội từ quan điểm kinh tế học | |
| 653 | |a Tham khảo | ||
| 700 | 0 | |a Nguyễn,Thị Huyền Trang |e Dịch | |
| 942 | |2 ddc |c BK | ||
| 952 | |0 0 |1 0 |2 ddc |4 0 |6 330_000000000000000_L664 |7 0 |9 29555 |a 000001 |b 000001 |d 2024-10-11 |o 330 L664 |p TK.04664 |r 2024-10-11 |v 109000.00 |w 2024-10-11 |y BK | ||
| 980 | |a Thư viện Trường Đại học Nam Cần Thơ | ||


